000 00503nam a2200181Ia 4500
003 LDD
008 181101s9999 xx 000 0 und d
020 _a9788175816255
_c60.00
040 _cLDD
100 _aDasnawi, Abdul Qawi
245 0 _aTalaash-e-Azad
_cAbdul Qawi Dasnawi
260 _aNew Delhi
_bMaktaba Jamia Ltd.
_c2011
300 _a140p.
901 _a15921
_b17-03-2017
902 _a2841
_b17-03-2017
_cF
_dPIBD
_e8U
903 _a20
_bReqst by : Moh. Akbar
942 _2ddc
_cUR
999 _c401
_d401